000
00308nam a22001217a 4500
008
211129b ||||| |||| 00| 0 eng d
020
_a
9788192088808
050
_a
030
_b
1
245
_a
Answer Book,10001 Facts ABOUT OUR WORLD
260
_a
Washington
_b
National Georaphical
300
_a
1
942
_2
ddc
_c
BK
999
_c
11932
_d
11932